000 00425nam a2200181Ia 4500
001 7633
005 20260306160509.0
008 260306t2021||||xx |||||||||||||| ||spa||
041 _aESP
082 _a352.7
_bT59
100 _aTirado Barrera, José Antonio,
_eAUT
245 0 _aProtección del consumidor
260 _c2021
300 _a121 páginas :
_c
650 _aGEN
654 _aCAN
942 _cLIB
_dJUS
_fJUS
_2ddc
_n
999 _c7633
_d7633